|
|
|
|
| LEADER |
00000ny a22000003n 4500 |
| 005 |
20110606100023.0 |
| 008 |
080508t2000 sp s 000 0 spa c |
| 020 |
|
|
|a 8493140759
|
| 035 |
|
|
|a 391
|
| 040 |
|
|
|a UMA.RE
|d vLex
|
| 080 |
|
|
|a 347.43(460)(0.034)
|
| 090 |
|
|
|c 461
|d 461
|
| 100 |
1 |
|
|a Bayo Recuero, Nieves
|
| 245 |
1 |
3 |
|a El Pago del tercero
|h [Recurso electrn̤ico]
|b subrogacin̤ /
|c Nieves Bayo Recuero
|
| 256 |
|
|
|a Servicio en ln̕ea
|
| 260 |
|
|
|a Madrid :
|b Dijusa,
|c 2000
|
| 506 |
1 |
|
|a Contenido solo disponible en los productos indicados
|d vLex Global
|d vLex Global (Academic Edition, excluding Law Schools)
|d vLex Global (U.S. Academic Edition, Law Schools)
|d vLex Global (U.S. Academic Edition, excluding Law Schools)
|d vLex Global (Academic Edition, Law Schools)
|
| 650 |
0 |
7 |
|a Civil
|2 Tesauro vLex
|
| 650 |
0 |
7 |
|a Pago
|2 Tesauro vLex
|
| 650 |
0 |
7 |
|a Accin̤ subrogatoria
|2 Tesauro vLex
|
| 650 |
0 |
7 |
|a Notacin̤ subjetiva
|2 Tesauro vLex
|
| 650 |
0 |
7 |
|a Pago por tercero
|2 Tesauro vLex
|
| 740 |
0 |
|
|a vLex Libros (Servicios en ln̕ea)
|
| 856 |
4 |
0 |
|u http://vlex.com/source/391
|z Acceso restringido
|
| 942 |
|
|
|c BOOK
|
| 999 |
0 |
|
|a Civil Law
|b Madrid
|